00454nam a2200193 a 4500001001300000003000900013005001700022008004100039020001000080082001300090100001800103245001900121260002200140300000900162500003500171505001900206650001400225650002100239nice12345678IN_TiNIC20260116011842.0050524s0000 egya grp 000 0 ara  ac10000a922bBIN aBintul, Haris aNoorus Saqetat aEgyptbSpckc0000 a149p aincludes index and biblioraphy2 aReserve copies aBiography aJosephine Butler